Quiz HGGSP (4) - Statistiques

Statistiques générales
  • Ce quiz a été pris 398 fois
  • Le résultat moyen est 8 sur 20
Statistiques - réponses
Question Réponse % Correct
Quel est le plus grand océan au monde Pacifique
83%
Quel est le plus grand pays d'Afrique Algérie
64%
L'année de la crise des missiles de Cuba 1962
61%
Qui était Winston Churchill Le premier ministre du Royaume uni
60%
Qui a découvert le radium Marie et Pierre Curie
60%
En quelle année l'IVG a été légalisé en France 1975
53%
pays le plus hispanophone Mexique
53%
Quel pays a pour capitale Wellington Nouvelle Zelande
51%
Capitale de l'Afghanistan Kaboul
45%
La France a combien de département 101
36%
Indépendance de l'inde 1947
36%
Quel pays a pour capitale Kigali Rwanda
33%
Quel est le plus grand lac d'afrique Lac Victoria
30%
Quel sport pratiqué Pete Sampras Tennis
25%
Nom du président Serbe durant la guerre de Yougoslavie Milošević
19%
Le pays le plus pauvre du monde Haiti
18%
La plus longue frontière au monde Canada USA
16%
Ou se trouvait le centre principal du projet Manhattan Los Alamos
15%
L'espion soviétique du projet Manhattan Klaus Fuchs
3%
Qui a inventé le train Richard Trevithick
1%
Aucun quiz correspondant
Distribution des résultats
% des personnes avec chaque résultat
Percentile par nombre de réponses
Votre historique - résultats
Vous n’avez pas pris ce quiz